| 000 | 00378cam a22001337a 4500 | ||
|---|---|---|---|
| 008 | 180718b1985 xxu||||| |||| 00| 0 eng d | ||
| 082 | _aB1x54 Sh23s | ||
| 100 | _aSharma, S. | ||
| 245 |
_aSociology in India: a perspective from sociology of knowledge _cby S. Sharma |
||
| 260 |
_aJaipur _bRawat _c1985 |
||
| 300 | _a160p. | ||
| 650 | _a(Written off) | ||
| 650 | _aSociology - India | ||
| 999 |
_c354595 _d354595 |
||